| 000 | 00670nam a2200217Ia 4500 | ||
|---|---|---|---|
| 003 | GCL | ||
| 008 | 140319s9999 xx 000 0 ara d | ||
| 020 | _a5023609977 | ||
| 040 |
_aGCL / _cGCL |
||
| 082 | 0 | 4 |
_a822.008 _bش م |
| 100 | 1 | _aحسين احمد امين | |
| 245 | 1 | 0 |
_aمكبث / _cحسين احمد امين |
| 700 | 1 | _aشكسبير، ويليام | |
| 250 | _aالاولى | ||
| 260 |
_aالقاهرة : _bدار الشروق ، _c1994 |
||
| 300 |
_a135 ص ؛ _c20 سم |
||
| 650 | 0 | 4 | _aالمسرحيات الانجليزية |
| 650 | 0 | 4 | _aشكسبير، ويليام |
| 650 | 0 | 4 | _aالمسرح الانجليزى المترجم |
| 942 |
_2ddc _cBK |
||
| 999 |
_c38635 _d38635 |
||